|
|
|
|
| LEADER |
00000nam0a2200000 4500 |
| 001 |
291184 |
| 005 |
20231102000348.0 |
| 035 |
|
|
|a (RuTPU)RU\TPU\book\315749
|
| 090 |
|
|
|a 291184
|
| 100 |
|
|
|a 20150413d1978 k y0rusy50 ca
|
| 101 |
0 |
|
|a rus
|
| 102 |
|
|
|a RU
|
| 105 |
|
|
|a a z 001zy
|
| 200 |
1 |
|
|a Основы методологии проектирования машин
|f Л. Б. Чернов
|
| 210 |
|
|
|a Москва
|c Машиностроение
|d 1978
|
| 215 |
|
|
|a 152 с.
|c ил.
|
| 320 |
|
|
|a Библиогр.: с. 145-146.
|
| 606 |
1 |
|
|a Машиностроение
|x Проектно-конструкторские работы
|2 stltpush
|3 (RuTPU)RU\TPU\subj\41465
|9 61255
|
| 610 |
1 |
|
|a машины
|
| 610 |
1 |
|
|a проектирование
|
| 610 |
1 |
|
|a методология
|
| 610 |
1 |
|
|a конструирование
|
| 610 |
1 |
|
|a системный анализ
|
| 610 |
1 |
|
|a САПР
|
| 610 |
1 |
|
|a детали
|
| 675 |
|
|
|a 621.001.6
|v 3
|
| 700 |
|
1 |
|a Чернов
|b Л. Б.
|g Лев Борисович
|
| 801 |
|
1 |
|a RU
|b 63413507
|c 20150413
|
| 801 |
|
2 |
|a RU
|b 63413507
|c 20210309
|g RCR
|
| 942 |
|
|
|c BK
|